书目信息 |
| 题名: |
教育伦理研究
|
|
| 作者: | 王正平 主编 | |
| 分册: | 第四辑 | |
| 出版信息: | 上海 华东师范大学出版社 2017 |
|
| 页数: | 453页 | |
| 开本: | 24cm | |
| 丛书名: | ||
| 单 册: | ||
| 中图分类: | G40-059.1 , G40-059 | |
| 科图分类: | ||
| 主题词: | 教育学--伦理学--研究 | |
| 电子资源: | ||
| ISBN: | 978-7-5675-6588-3 | |
| 000 | 00782nam0 2200229 450 | |
| 001 | 1841 | |
| 005 | 20180524150307.29 | |
| 010 | @a978-7-5675-6588-3@dCNY58.00 | |
| 100 | @a20171222d2017 em y0chiy50 ea | |
| 101 | 0 | @achi |
| 102 | @aCN@b310000 | |
| 105 | @ay z 000yy | |
| 200 | 1 | @a教育伦理研究@9jiao yu lun li yan jiu@h第四辑@f王正平主编 |
| 210 | @a上海@c华东师范大学出版社@d2017 | |
| 215 | @a453页@d24cm | |
| 330 | @a本书所编入的学术论文以“教育伦理、立德树人与学校德育”为中心,全书内容包括:教育伦理前沿问题研究、教育伦理理论研究、教师道德理论研究、师德建设理论研究等。 | |
| 606 | 0 | @a教育学@x伦理学@x研究 |
| 690 | @aG40-059.1@v5 | |
| 690 | @aG40-059@v4 | |
| 701 | 0 | @a王正平@9wang zheng ping@4主编 |
| 801 | 0 | @aCN@b91MARC@c20171222 |
| 905 | @aMuseLib@dG40-059@e839:4 | |
| 教育伦理研究.第四辑/王正平主编.-上海:华东师范大学出版社,2017 |
| 453页;24cm |
| ISBN 978-7-5675-6588-3:CNY58.00 |
| 本书所编入的学术论文以“教育伦理、立德树人与学校德育”为中心,全书内容包括:教育伦理前沿问题研究、教育伦理理论研究、教师道德理论研究、师德建设理论研究等。 |
| ● |
| 相关链接 |
|
|
|
|
正题名:教育伦理研究
索取号:G40-059/839:4
 
预约/预借
| 序号 | 登录号 | 条形码 | 馆藏地/架位号 | 状态 | 备注 |
| 1 | 1106885 | 211068850 | 第一样本阅览室/ [索取号:G40-059/839:4] | 在馆 | |
| 2 | 1106886 | 211068869 | 教育系资料室/ [索取号:G40-059/839:4] | 在馆 | |
| 3 | 1106887 | 211068878 | 教育系资料室/ [索取号:G40-059/839:4] | 在馆 | |
| 4 | 1106888 | 211068887 | 第四借阅区/ [索取号:G40-059/839:4] | 在馆 |